00678nam a2200205 i 4500001000700000003000900007005001700016007000300033008004100036080002100077100003000098245009800128260004300226300002100269490003000290500006100320700002600381830003000407852003500437124699ES-MaACL20230906192457.0t|070418s1923 sp ||||1| spa d a821.134.2-22"18"1 aLópez Pinillos, José.14aLos malcasados b: comedia en tres actos / cobra póstuma de J. López Pinillos (Parmeno). a[Madrid : bLa Novela Teatral, c1923] a12 h. ; c20 cm.1 aLa novela teatral ; v337 aEn la cub. caricatura de Josefina Santaularia por Tovar.0 aTovar c, ilustrador.0 aLa novela teatral ; v337 aES-MaACLj2216-F-25 bR.138799